ALL Florida Cities - Statistics

General Stats
  • This quiz has been taken 211 times
    188 since last reset
  • The average score is 78 of 411
Answer Stats
County City / Town % Correct
O Orange Orlando
92%
M Miami-Dade Miami
91%
J Duval Jacksonville
90%
T Hillsborough Tampa
90%
K Monroe Key West
87%
T Leon Tallahassee #
79%
D Volusia Daytona Beach
76%
F Broward Fort Lauderdale
76%
P Palm Beach Palm Beach
73%
P Escambia Pensacola
73%
S Pinellas St. Petersburg
72%
F Lee Fort Myers
68%
M Miami-Dade Miami Beach
68%
G Alachua Gainesville
67%
S Sarasota Sarasota
67%
K Osceola Kissimmee
65%
S St. Johns St. Augustine
64%
N Collier Naples
63%
W Palm Beach West Palm Beach
62%
H Broward Hollywood
61%
C Pinellas Clearwater
59%
P Bay Panama City
59%
B Palm Beach Boca Raton
58%
P St. Lucie Port St. Lucie
58%
H Miami-Dade Hialeah
57%
J Palm Beach Jupiter
57%
O Marion Ocala
57%
C Lee Cape Coral
55%
L Polk Lakeland
55%
M Brevard Melbourne
55%
M Miami-Dade Miami Gardens
54%
C Miami-Dade Coral Gables
48%
N Miami-Dade North Miami
48%
B Manatee Bradenton
47%
O Okeechobee Okeechobee
47%
S Pinellas Seminole
47%
H Miami-Dade Homestead
45%
P Bay Panama City Beach
44%
P Broward Pompano Beach
44%
A Alachua Alachua
43%
C Broward Coral Springs
43%
B Palm Beach Boynton Beach
42%
L Pinellas Largo
42%
P Brevard Palm Bay
42%
W Polk Winter Haven
42%
M Broward Miramar
41%
P Broward Pembroke Pines
41%
P Broward Plantation
41%
D Broward Davie
40%
L Madison Lee
40%
V Sarasota Venice
40%
C Brevard Cape Canaveral
39%
S Seminole Sanford
38%
S Broward Sunrise
38%
D Broward Deerfield Beach
37%
P Flagler Palm Coast
37%
D Volusia Deltona
36%
S Miami-Dade South Miami
36%
W Orange Winter Garden
36%
Z Pasco Zephyrhills
36%
J Duval Jacksonville Beach
35%
T Brevard Titusville
35%
A Orange Apopka
34%
C Brevard Cocoa
34%
D Palm Beach Delray Beach
34%
D Okaloosa Destin
34%
F St. Lucie Fort Pierce
34%
L Columbia Lake City
34%
W Broward Weston
34%
W Orange Winter Park
34%
F Miami-Dade Florida City
32%
F Okaloosa Fort Walton Beach
32%
M Madison Madison
32%
M Monroe Marathon
32%
P Palm Beach Palm Beach Gardens
32%
C Brevard Cocoa Beach
31%
D Miami-Dade Doral
31%
N Miami-Dade North Miami Beach
31%
P Volusia Port Orange
31%
S Osceola St. Cloud
31%
W Palm Beach Wellington
31%
O Volusia Ormond Beach
30%
P Broward Parkland
30%
V Indian River Vero Beach
30%
D Volusia DeLand
29%
N Sarasota North Port
29%
P Hillsborough Plant City
29%
A Miami-Dade Aventura
28%
K Miami-Dade Key Biscayne
28%
L Broward Lauderhill
28%
P Palm Beach Palm Springs
28%
A Seminole Altamonte Springs
27%
N Volusia New Smyrna Beach
27%
B Lee Bonita Springs
26%
C Lake Clermont
26%
C Broward Coconut Creek
26%
D Pinellas Dunedin
26%
M Miami-Dade Miami Lakes
26%
O Orange Oakland
26%
B Gilchrist Bell
24%
P Pinellas Pinellas Park
24%
W Miami-Dade West Miami
24%
L Lake Leesburg
23%
M Broward Margate
23%
N Palm Beach North Palm Beach
23%
O Seminole Oviedo
23%
T Broward Tamarac
23%
D Broward Dania Beach
22%
F Nassau Fernandina Beach
22%
G Palm Beach Greenacres
22%
L Palm Beach Lake Worth Beach
22%
M Collier Marco Island
22%
P Charlotte Punta Gorda
22%
S Martin Stuart
22%
L Broward Lauderdale Lakes
21%
C Okaloosa Crestview
20%
H Miami-Dade Hialeah Gardens
20%
J Palm Beach Juno Beach
20%
O Orange Ocoee
20%
R Palm Beach Riviera Beach
20%
T Pinellas Tarpon Springs
20%
C Miami-Dade Cutler Bay
19%
F Flagler Flagler Beach
19%
F Lee Fort Myers Beach
19%
I Monroe Islamorada
19%
N Broward North Lauderdale
19%
O Volusia Orange City
19%
S Highlands Sebring
19%
W Seminole Winter Springs
19%
H Broward Hallandale Beach
18%
M Miami-Dade Miami Shores
18%
O Broward Oakland Park
18%
R Palm Beach Royal Palm Beach
18%
S Indian River Sebastian
18%
A Franklin Apalachicola
17%
B Palm Beach Belle Glade
17%
L Broward Lauderdale-by-the-Sea
17%
M Miami-Dade Miami Springs
17%
N Pasco New Port Richey
17%
P Manatee Palmetto
17%
S Lee Sanibel
17%
C Broward Cooper City
16%
E Lee Estero
16%
E Collier Everglades City
16%
I Citrus Inverness
16%
L Seminole Lake Mary
16%
O Clay Orange Park
16%
P Polk Polk City
16%
S St. Johns St. Augustine Beach
16%
S Miami-Dade Sweetwater
16%
A Duval Atlantic Beach
15%
C Citrus Crystal River
15%
D Pasco Dade City
15%
H Polk Haines City
15%
L Palm Beach Lantana
15%
M Bay Mexico Beach
15%
P Putnam Palatka
15%
A Manatee Anna Maria
14%
A Highlands Avon Park
14%
B Polk Bartow
14%
C Levy Cedar Key
14%
C Hendry Clewiston
14%
L Lake Lady Lake
14%
L Orange Lake Buena Vista
14%
P Taylor Perry
14%
S Palm Beach South Palm Beach
14%
W Brevard West Melbourne
14%
W Sumter Wildwood
14%
B Hernando Brooksville
13%
G Madison Greenville
13%
L Polk Lake Wales
13%
L Broward Lighthouse Point
13%
L Suwannee Live Oak
13%
N Duval Neptune Beach
13%
N Okaloosa Niceville
13%
P Palm Beach Pahokee
13%
Q Gadsden Quincy
13%
S Pinellas St. Pete Beach
13%
S Miami-Dade Surfside
13%
T Pinellas Treasure Island
13%
A Palm Beach Atlantis
12%
B Manatee Bradenton Beach
12%
C Washington Chipley
12%
D Volusia Daytona Beach Shores
12%
E Lake Eustis
12%
F Columbia Fort White
12%
G Palm Beach Golf
12%
G Pinellas Gulfport
12%
H Gadsden Havana
12%
J Hamilton Jasper
12%
L Highlands Lake Placid
12%
L Manatee and Sarasota Longboat Key
12%
M Pinellas Madeira Beach
12%
M Jackson Marianna
12%
M Alachua Micanopy
12%
M Lake Mount Dora
12%
O Miami-Dade Opa-locka
12%
P Palm Beach Palm Beach Shores
12%
P Gulf Port St. Joe
12%
S Volusia South Daytona
12%
S Bay Springfield
12%
S Bradford Starke
12%
T Lake Tavares
12%
W Broward Wilton Manors
12%
A DeSoto Arcadia
11%
A Polk Auburndale
11%
B Orange Bay Lake
11%
B Calhoun Blountstown
11%
B Flagler Bunnell
11%
C Gadsden Chattahoochee
11%
D Polk Davenport
11%
G Lake Groveland
11%
I Pinellas Indian Rocks Beach
11%
J Santa Rosa Jay
11%
J Palm Beach Jupiter Inlet Colony
11%
L Broward Lazy Lake
11%
O Palm Beach Ocean Ridge
11%
P Broward Pembroke Park
11%
P Pasco Port Richey
11%
S Palm Beach South Bay
11%
W Palm Beach Westlake
11%
W Levy Williston
11%
W Orange Windermere
11%
A Alachua Archer
10%
D Walton DeFuniak Springs
10%
E Volusia Edgewater
10%
F Polk Fort Meade
10%
G Gadsden Greensboro
10%
H Bradford Hampton
10%
H Palm Beach Highland Beach
10%
H Alachua High Springs
10%
H Broward Hillsboro Beach
10%
I Miami-Dade Indian Creek
10%
L Monroe Layton
10%
L Bay Lynn Haven
10%
M Brevard Melbourne Beach
10%
M Santa Rosa Milton
10%
M Lake Minneola
10%
P Miami-Dade Palmetto Bay
10%
P Miami-Dade Pinecrest
10%
P Holmes Ponce de Leon
10%
S Miami-Dade Sunny Isles Beach
10%
T Hillsborough Temple Terrace
10%
T Palm Beach Tequesta
10%
B Duval Baldwin
9%
B Miami-Dade Bal Harbour
9%
B Miami-Dade Biscayne Park
9%
B Suwannee Branford
9%
B Palm Beach Briny Breezes
9%
B Sumter Bushnell
9%
C Bay Callaway
9%
C Seminole Casselberry
9%
C Dixie Cross City
9%
D Polk Dundee
9%
F Walton Freeport
9%
G Clay Green Cove Springs
9%
G Palm Beach Gulf Stream
9%
H Lake Howey-in-the-Hills
9%
I Pinellas Indian Shores
9%
I Martin Indiantown
9%
J Martin Jupiter Island
9%
L Hendry LaBelle
9%
L Polk Lake Alfred
9%
L Union Lake Butler
9%
L Palm Beach Lake Clarke Shores
9%
M Jefferson Monticello
9%
O Volusia Oak Hill
9%
P Brevard Palm Shores
9%
R Pinellas Redington Beach
9%
R Pinellas Redington Shores
9%
T Gilchrist Trenton
9%
Y Levy Yankeetown
9%
A Calhoun Altha
8%
B Pinellas Belleair
8%
B Pinellas Belleair Beach
8%
B Pinellas Belleair Bluffs
8%
B Orange Belle Isle
8%
B Holmes Bonifay
8%
B Hardee Bowling Green
8%
B Liberty Bristol
8%
B Levy Bronson
8%
C Escambia Century
8%
C Levy Chiefland
8%
C Palm Beach Cloud Lake
8%
F Polk Frostproof
8%
G Baker Glen St. Mary
8%
G Miami-Dade Golden Beach
8%
G Santa Rosa Gulf Breeze
8%
H Volusia Holly Hill
8%
H Manatee Holmes Beach
8%
H Palm Beach Hypoluxo
8%
I Indian River Indian River Shores
8%
J Hamilton Jennings
8%
L Palm Beach Lake Park
8%
L Palm Beach Loxahatchee Groves
8%
M Baker Macclenny
8%
M Orange Maitland
8%
M Flagler and St. Johns Marineland
8%
M Miami-Dade Medley
8%
M Gadsden Midway
8%
N Alachua Newberry
8%
O Pinellas Oldsmar
8%
S Pasco San Antonio
8%
S Brevard Satellite Beach
8%
S Wakulla Sopchoppy
8%
S Broward Southwest Ranches
8%
S Wakulla St. Marks
8%
V Okaloosa Valparaiso
8%
W Alachua Waldo
8%
W Broward West Park
8%
A Lake Astatula
7%
B Miami-Dade Bay Harbor Islands
7%
B Pinellas Belleair Shore
7%
B Bradford Brooker
7%
C Nassau Callahan
7%
C Washington Caryville
7%
C Putnam Crescent City
7%
D Volusia DeBary
7%
D Marion Dunnellon
7%
E Polk Eagle Lake
7%
E Washington Ebro
7%
G Palm Beach Glen Ridge
7%
G Jackson Greenwood
7%
H Palm Beach Haverhill
7%
H Alachua Hawthorne
7%
H Polk Highland Park
7%
I Brevard Indialantic
7%
I Levy Inglis
7%
I Putnam Interlachen
7%
K Clay Keystone Heights
7%
L Alachua LaCrosse
7%
L Volusia Lake Helen
7%
M Palm Beach Manalapan
7%
M Lake Mascotte
7%
M Brevard Melbourne Village
7%
M Glades Moore Haven
7%
M Polk Mulberry
7%
N Miami-Dade North Bay Village
7%
N Pinellas North Redington Beach
7%
P Putnam Pomona Park
7%
S Pinellas Safety Harbor
7%
S St. Lucie St. Lucie Village
7%
U Lake Umatilla
7%
V Washington Vernon
7%
W Hardee Wauchula
7%
W Hamilton White Springs
7%
W Union Worthington Springs
7%
Z Hardee Zolfo Springs
7%
A Jackson Alford
6%
B Marion Belleview
6%
C Jackson Campbellton
6%
C Franklin Carrabelle
6%
C Jackson Cottondale
6%
E Orange Eatonville
6%
E Orange Edgewood
6%
E Holmes Esto
6%
F Levy and Gilchrist Fanning Springs
6%
F Indian River Fellsmere
6%
G Gadsden Gretna
6%
I Brevard Indian Harbour Beach
6%
K Monroe Key Colony Beach
6%
L Polk Lake Hamilton
6%
L Okaloosa Laurel Hill
6%
L Bradford Lawtey
6%
M Palm Beach Mangonia Park
6%
M Lafayette Mayo
6%
M Lake Montverde
6%
P Walton Paxton
6%
P Clay Penney Farms
6%
P Volusia Ponce Inlet
6%
R Union Raiford
6%
R Brevard Rockledge
6%
S Pasco St. Leo
6%
W Sumter Webster
6%
W Gulf Wewahitchka
6%
B Jackson Bascom
5%
B Flagler Beverly Beach
5%
E Miami-Dade El Portal
5%
F Lake Fruitland Park
5%
G Jackson Graceville
5%
H Dixie Horseshoe Beach
5%
L Seminole Longwood
5%
M Brevard Malabar
5%
M Okaloosa Mary Esther
5%
M Marion McIntosh
5%
O Martin Ocean Breeze
5%
O Indian River Orchid
5%
O Levy Otter Creek
5%
P Bay Parker
5%
P Volusia Pierson
5%
R Marion Reddick
5%
S Broward Sea Ranch Lakes
5%
S Okaloosa Shalimar
5%
V Miami-Dade Virginia Gardens
5%
W Putnam Welaka
5%
W Holmes Westville
5%
G Brevard Grant-Valkaria
4%
H Polk Hillcrest Heights
4%
H Nassau Hilliard
4%
J Jackson Jacob City
4%
K Pinellas Kenneth City
4%
M Jackson Malone
4%
N Holmes Noma
4%
S Pinellas South Pasadena
4%
C Sumter Center Hill
3%
C Sumter Coleman
3%
G Jackson Grand Ridge
3%
W Washington Wausau
3%
C Okaloosa Cinco Bayou
2%
S Martin Sewall's Point
2%
S Jackson Sneads
2%
No matching quizzes found
Score Distribution
Percent of People with Each Score
Percentile by Number Answered
Your Score History
You have not taken this quiz since the last reset